Southville International School and Colleges
Your cart is empty.
  • Cart
  • Lists
    Public lists list_1 View all
    Your lists Log in to create your own lists
  • Log in to your account
  • Your cookies
  • Search history
Southville International School and Colleges
  • Advanced search
  • Recent comments
  • Most popular
  • Libraries

Log in to your account

Log in with GOOGLE


If you do not have an external account, but do have a local account, you can still log in:

  1. Home
  2. MARC view: Genetics, heredity, environment and personality /
Normal view MARC view ISBD view

Genetics, heredity, environment and personality / (Record no. 288454)

[ view plain ]
MARC details
000 -LEADER
fixed length control field 00936cam a22003011 4500
001 - CONTROL NUMBER
control field 6096740
003 - CONTROL NUMBER IDENTIFIER
control field PILC
005 - DATE AND TIME OF LATEST TRANSACTION
control field 20150824125729.0
008 - FIXED-LENGTH DATA ELEMENTS--GENERAL INFORMATION
fixed length control field 810622s1962 xx a 000 0 eng
010 ## - LIBRARY OF CONGRESS CONTROL NUMBER
LC control number 62002548
035 ## - SYSTEM CONTROL NUMBER
System control number (OCoLC)14593442
040 ## - CATALOGING SOURCE
Original cataloging agency DLC
Transcribing agency DNLM
Modifying agency MWH
-- OCoLC
-- DLC
041 1# - LANGUAGE CODE
Language code of text/sound track or separate title engund
042 ## - AUTHENTICATION CODE
Authentication code premarc
050 00 - LIBRARY OF CONGRESS CALL NUMBER
Classification number QH 431
Item number .H653 1962
060 0# - NATIONAL LIBRARY OF MEDICINE CALL NUMBER
Classification number QH 431
Item number H772v 1962a
082 ## - DEWEY DECIMAL CLASSIFICATION NUMBER
Classification number 575.1
100 2# - MAIN ENTRY--PERSONAL NAME
Personal name Honegger-Lavater, Warja.
245 10 - TITLE STATEMENT
Title Genetics, heredity, environment and personality /
Statement of responsibility, etc Warja Honegger, Hans Burla and Marco Schnitter. [Tr. from the German.
260 ## - PUBLICATION, DISTRIBUTION, ETC. (IMPRINT)
Place of publication, distribution, etc New York,
Name of publisher, distributor, etc Dell,
Date of publication, distribution, etc 1962.
300 ## - PHYSICAL DESCRIPTION
Extent 120 pages :
Other physical details illustrations ;
Dimensions 17cm.
490 0# - SERIES STATEMENT
Series statement Visual,
Volume number/sequential designation v. 3
500 ## - GENERAL NOTE
General note Translation of Vererbung, Erbgut, Umwelt, Persönlichkeit.
650 #0 - SUBJECT ADDED ENTRY--TOPICAL TERM
Topical term or geographic name as entry element Genetics
700 1# - ADDED ENTRY--PERSONAL NAME
Personal name Burla, Hans.
906 ## - LOCAL DATA ELEMENT F, LDF (RLIN)
a 7
b cbc
c oclcrpl
d u
e ncip
f 19
g y-gencatlg
942 ## - ADDED ENTRY ELEMENTS (KOHA)
Source of classification or shelving scheme Library of Congress Classification
Koha item type Books
Call number prefix Foreign
Holdings
Withdrawn status Lost status Source of classification or shelving scheme Damaged status Home library Current library Shelving location Date acquired Source of acquisition Total Checkouts Full call number Barcode Date last seen Price effective from Koha item type
    Library of Congress Classification   Archives Archives   08/24/2015 Donation   QH 431 .H653 1962 C19748 05/15/2018 08/24/2015 Books

Genetics, heredity, environment and personality /

APA

Honegger-Lavater W., Burla H., . (1962). Genetics, heredity, environment and personality. New York: Dell.

Chicago

Honegger-Lavater Warja, Burla Hans, . 1962. Genetics, heredity, environment and personality. New York: Dell.

Harvard

Honegger-Lavater W., Burla H., . (1962). Genetics, heredity, environment and personality. New York: Dell.

MLA

Honegger-Lavater Warja, Burla Hans, . Genetics, heredity, environment and personality. New York: Dell. 1962.

  • Place hold
  • Print
  • Cite
  • Add to your cart (remove)
  • Save record
    BIBTEX Dublin Core MARCXML MARC (non-Unicode/MARC-8) MARC (Unicode/UTF-8) MARC (Unicode/UTF-8, Standard) MODS (XML) RIS
  • More searches
    Search for this title in:
    Other Libraries (WorldCat) Other Databases (Google Scholar) Online Stores (Bookfinder.com) Open Library (openlibrary.org)

Exporting to Dublin Core...

SOUTHVILLE LIBRARY

Southville International School and Colleges Library

1281 Tropical Ave. Cor. Luxembourg St., BF Homes International, Las Pinas City

Tel. No. 8256374 / 252358 Loc. 117/146

Powered by Koha